[Event "IECC O email"]
[Site "IECC email"]
[Date "2002.02.06"]
[Round "?"]
[White "Devoldere, Bart"]
[Black "Zuccaro, Guido"]
[Result "0-1"]
[WhiteElo "985"]
[BlackElo "1000"]
[PlyCount "34"]
[EventDate "2002.??.??"]
[EventType "tourn (corr)"]
[EventRounds "6"]
[SourceTitle "Corr 2008"]
[Source "ChessBase"]
[SourceDate "2008.06.24"]
[SourceVersion "1"]
[SourceVersionDate "2008.06.24"]
[SourceQuality "1"]

1. d4 d5 2. c4 c6 3. Nf3 Nf6 4. Nc3 dxc4 5. h3 b5 6. a3 a6 7. Bg5 e6 8. e4 Be7 9. e5 Nd5 10. Qd2 Nd7 11. Be2 Nxc3 12. bxc3 0-0 13. 0-0 Bxg5 14. Nxg5 Nxe5 15. f4 Nd7 16. Rae1 Nf6 17. Nf3 Qd6 0-1